Biochemistry: the molecular basis of cell structure and function (Record no. 30865)
[ view plain ]
| 000 -LEADER | |
|---|---|
| fixed length control field | 00610nam a2200157 a 4500 |
| 008 - FIXED-LENGTH DATA ELEMENTS--GENERAL INFORMATION | |
| fixed length control field | 111118s1970 ||||||||||||||||| || u |
| 050 ## - LIBRARY OF CONGRESS CALL NUMBER | |
| Classification number | QH 345 Nel |
| 100 ## - MAIN ENTRY--PERSONAL NAME | |
| Personal name | Albert L. Lehninger |
| 245 10 - TITLE STATEMENT | |
| Title | Biochemistry: the molecular basis of cell structure and function |
| 260 ## - PUBLICATION, DISTRIBUTION, ETC. | |
| Place of publication, distribution, etc. | New York |
| Name of publisher, distributor, etc. | Worth publishers |
| Date of publication, distribution, etc. | 1970 |
| 300 ## - PHYSICAL DESCRIPTION | |
| Extent | xiii, 833p.: ill. |
| 350 ## - | |
| -- | 0.00 |
| 650 ## - SUBJECT ADDED ENTRY--TOPICAL TERM | |
| Topical term or geographic name entry element | BIOCHEMISTRY |
| 700 ## - ADDED ENTRY--PERSONAL NAME | |
| Personal name | Lehninger, Albert L |
| 995 ## - | |
| -- | MEDICAL LIBRARY OPEN ACCESS |
| -- | 0.00 |
| -- | 900156 |
| -- | CBU-SCHOOL OF MEDICINE LIBRARY (Ndola) |
| -- | 1 |
| -- | 0.00 |
| -- | QH 345 NEL |
| -- | 1 |
| -- | OUT |
| -- | Nov 18, 2011 |
| -- | 900156 |
| -- | Medical Library Open Access Collection |
| 999 ## - | |
| -- | 30865 |
| -- | 30865 |
| Withdrawn status | Lost status | Source of classification or shelving scheme | Damaged status | Not for loan | Permanent Location | Current Location | Shelving location | Date acquired | Total Checkouts | Full call number | Barcode | Date last seen | Price effective from | Koha item type |
|---|---|---|---|---|---|---|---|---|---|---|---|---|---|---|
| CBU-SCHOOL OF MEDICINE LIBRARY, NDOLA. | CBU-SCHOOL OF MEDICINE LIBRARY, NDOLA. | 11/30/2022 | QH 345 Nel | 900156 | 11/30/2022 | 11/30/2022 | MONOGRAPH |